000 01217nam a2200229Ia 4500
001 L235-7390
003 IT-CnALBA
008 170116s9999||||xx |||||||||||||| ||und||
040 _aIT-CnALBA
_cIT-CnALBA
041 _aITALIANO
100 _aTRIPEPI MONS. LUIGI
245 0 _aI PAPI E LA VERGINE. STUDI.
250 _a1a ed.
260 _a TORINO - ROMA
_bMARIETTI EDITORE
_c1869 [1° Ed.:1869 - Ed.Ling.Originale: 1869]
300 _a329 p. (prefazione: 58)
500 _aDA S. PIETRO A S. CELESTINO. DEVOZIONE DEI PAPI. MARIA E I PAPI MECENATI. S. PIETRO. TRE SUCCESSORI DI PIETRO. I PAPI E IL CULTO DI MARIA. CHIESA ROMANA. DOTTRINA DEI CONCILI. LODATORE DI MARIA E SOLITARIO DEL CARMELO. PONTEFICI MARTIRI E STELLA DELLE CAT
501 _aSocietà San Paolo EM - Piazza San Paolo, 14 - 12051 ALBA (CN) (non commercial uses only) ® Copyright 2017
520 _aDA S. PIETRO A S. CELESTINO. DEVOZIONE DEI PAPI. MARIA E I PAPI MECENATI. S. PIETRO. TRE SUCCESSORI DI PIETRO. I PAPI E IL CULTO DI MARIA. CHIESA ROMANA. DOTTRINA DEI CONCILI. LODATORE DI MARIA E SOLITARIO DEL CARMELO. PONTEFICI MARTIRI E STELLA DELLE CAT
650 _aMARIA SS. ANGELI SANTI DEMONI
942 _cBK
957 _71
999 _a8366
_bSI
_g Copie: 1
_c266572
_d266572